000 00323nam a22001457a 4500
008 210507b ||||| |||| 00| 0 eng d
020 _a2901429216325
041 _aeng
080 _29th
_a343.9
082 _a343.9
100 _a13
101 _aKRI
245 _aCriminal Justice
_cJames A. Inciardi
942 _2udc
_cBK
999 _c57124
_d57124